000 00454cam a2200169ua 4500
020 _a81-7233-038-3
041 _aeng
_h
082 _a631.521
_bMCD/SE
100 _aMcDonald, M B .
245 _aSeed science and technology and laboratory manual /
_cM B McDonald.
_hTextual Documents
260 _aJodhpur :
_bScientific Publishers ,
_c1992.
300 _a232 ; .
504 _a
700 1 _aCoperland, L O .
942 _cBK
999 _c8992
_d8992